| 000 | 00630nam a22001577a 4500 | ||
|---|---|---|---|
| 003 | OSt | ||
| 005 | 20150906111208.0 | ||
| 008 | 150906b xxu||||| |||| 00| 0 eng d | ||
| 040 | _cRUA | ||
| 082 | _aAGR សំ 1991 B004 Or.1 | ||
| 100 |
_994 _aសំ ម៉ាយ៉ានី |
||
| 245 | _aសិក្សាប្រៀបធៀបលក្ខណៈក្សេត្រវិទ្យ និិងគុណភាពគ្រាប់ពុជស្រូវ អ៊ីអ៊ែរ ក្នុងលក្ខខណ្ឌកម្ពុជា | ||
| 260 |
_aPhnom Phen _bRUA _c1991 |
||
| 300 |
_a84p. _bill. _c29cm. |
||
| 942 |
_2ddc _cAGR |
||
| 999 |
_c88 _d88 |
||